000 00213 a2200097 4500
020 _a ‎ 978-3957733115
100 _aPppal Suneja
245 _aCharles Fabri - An Art Critic
250 _a2024
260 _bBauhaus
999 _c13543
_d13543